000
00278nam a22001217a 4500
020
_a
0-85229-163-9
082
_a
030 GRE'H
100
_a
DOSTOEVSKY, F. M
_9
77541
245
_a
THE BROTHERS KARAMAZOV
250
_a
V-52
260
_a
CHICAGO
_b
WILLIAM BENTON
_c
1952
942
_c
BK
999
_c
582805
_d
582805